| 000 | 00667nam a2200241Ia 4500 | ||
|---|---|---|---|
| 003 | OSt | ||
| 005 | 20220925235537.0 | ||
| 006 | a|||||r|||| 00| 0 | ||
| 007 | ta | ||
| 008 | 220923b |||||||| |||| 00| 0 eng d | ||
| 037 | _cGeneral Book | ||
| 040 |
_aRTL _cRTL _beng |
||
| 041 |
_2eng _aeng |
||
| 082 | _aX62.1,h, N0 | ||
| 100 |
_aBruon A . I. D _9301410 |
||
| 245 | 0 |
_aInternational Monetary Fund _b Structure working an |
|
| 260 |
_a New Delhi _bDeep and Deep India _c1990 |
||
| 300 |
_axi,308p _ccm. |
||
| 500 | _aBib p 295-303 | ||
| 650 | _aBanking | ||
| 942 |
_hX62.1,h, N0 _cGB _2CC |
||
| 999 |
_c597488 _d597488 |
||